NFL Pro Bowl Wide Receivers 1970s - Statistics

General Stats
  • This quiz has been taken 55 times
  • The average score is 38 of 93
Answer Stats
Season Team Player % Correct
1979 Seahawks Steve Largent
90%
1978 Seahawks Steve Largent
90%
1978 Steelers Lynn Swann
80%
1977 Steelers Lynn Swann
80%
1975 Steelers Lynn Swann
80%
1977 Cowboys Drew Pearson
76%
1976 Cowboys Drew Pearson
76%
1974 Cowboys Drew Pearson
76%
1979 Eagles Harold Carmichael
76%
1978 Eagles Harold Carmichael
76%
1973 Eagles Harold Carmichael
76%
1979 Steelers John Stallworth
71%
1979 Chargers Charlie Joiner
66%
1976 Chargers Charlie Joiner
66%
1974 Raiders Fred Biletnikoff
66%
1973 Raiders Fred Biletnikoff
66%
1971 Raiders Fred Biletnikoff
66%
1970 Raiders Fred Biletnikoff
66%
1977 Oilers Billy Johnson
63%
1975 Oilers Billy Johnson
63%
1974 Dolphins Paul Warfield
59%
1973 Dolphins Paul Warfield
59%
1972 Dolphins Paul Warfield
59%
1971 Dolphins Paul Warfield
59%
1970 Dolphins Paul Warfield
59%
1977 Rams Harold Jackson
56%
1975 Rams Harold Jackson
56%
1973 Rams Harold Jackson
56%
1972 Eagles Harold Jackson
56%
1972 Bills J. D. Hill
56%
1979 Cowboys Tony Hill
56%
1978 Cowboys Tony Hill
56%
1977 Raiders Cliff Branch
54%
1976 Raiders Cliff Branch
54%
1975 Raiders Cliff Branch
54%
1974 Raiders Cliff Branch
54%
1979 Chargers John Jefferson
54%
1978 Chargers John Jefferson
54%
1971 Redskins Roy Jefferson
54%
1979 Vikings Ahmad Rashad
51%
1978 Vikings Ahmad Rashad
51%
1978 Packers James Lofton
46%
1975 Redskins Charley Taylor
44%
1974 Redskins Charley Taylor
44%
1973 Redskins Charley Taylor
44%
1972 Redskins Charley Taylor
44%
1972 Chiefs Otis Taylor
44%
1971 Chiefs Otis Taylor
44%
1979 Saints Wes Chandler
44%
1979 Patriots Stanley Morgan
39%
1976 Bengals Isaac Curtis
34%
1975 Bengals Isaac Curtis
34%
1974 Bengals Isaac Curtis
34%
1973 Bengals Isaac Curtis
34%
1977 Dolphins Nat Moore
32%
1977 Vikings Sammy White
32%
1976 Vikings Sammy White
32%
1978 Jets Wesley Walker
32%
1972 49ers Gene Washington
29%
1971 49ers Gene Washington
29%
1970 Vikings Gene Washington
29%
1970 49ers Gene Washington
29%
1979 Broncos Rick Upchurch
22%
1978 Broncos Rick Upchurch
22%
1976 Broncos Rick Upchurch
22%
1970 Packers Carroll Dale
20%
1977 Oilers Ken Burrough
20%
1975 Oilers Ken Burrough
20%
1977 Cardinals Mel Gray
20%
1976 Cardinals Mel Gray
20%
1975 Cardinals Mel Gray
20%
1974 Cardinals Mel Gray
20%
1973 Broncos Haven Moses
15%
1975 Vikings John Gilliam
15%
1974 Vikings John Gilliam
15%
1973 Vikings John Gilliam
15%
1972 Vikings John Gilliam
15%
1970 Bears Cecil Turner
10%
1972 Bengals Chip Myers
10%
1971 Bears Dick Gordon
10%
1970 Bears Dick Gordon
10%
1972 Chargers Gary Garrison
10%
1971 Chargers Gary Garrison
10%
1970 Chargers Gary Garrison
10%
1970 Bills Marlin Briscoe
10%
1971 Vikings Bob Grim
7%
1976 Rams Ron Jessie
7%
1973 Steelers Ronnie Shanklin
7%
1979 Eagles Wally Henry
7%
1970 Raiders Warren Wells
7%
1973 Jets Jerome Barkum
5%
1976 Browns Roger Carr
5%
1975 Packers Steve Odom
5%
No matching quizzes found
Score Distribution
Percent of People with Each Score
Percentile by Number Answered
Your Score History
You have not taken this quiz